000
00279nam a22001217a 4500
082
_a
621.381 GUP'E
100
_a
GUPTA, M. L
_9
65009
245
_a
ELECTRONICS AND RADIO ENGINEERING
250
_a
8TN
260
_a
DELHI
_b
DHANPAT RAI
_c
1986
300
_a
XXV, 1343P
942
_c
BK
999
_c
573341
_d
573341